000 00732nam a22001577a 4500
003 OSt
005 20151202104607.0
008 151202b xxu||||| |||| 00| 0 eng d
040 _cRUA
082 _aFIS KHI 2003 B175 Or.1
100 _94121
_aKHIM KHATOL;​ ឃឹម ខាតុល
245 _aConstraint of small-scale aquaculture in dang tong and kampong trach district, kampot province,​ ផលវិបាកការចិញ្ចឹមត្រីជាលក្ខណៈគ្រួសារនៅក្នុងស្រុកដងទង់ និងស្រុកកំពង់ត្រាច ខេត្តកំពត.
260 _aPhnom Penh
_bRUA
_c2003
300 _a28p.
_bill.
_c29cm
942 _2ddc
_cFIS
999 _c3834
_d3834